| 000 | 00000nam##2200000za#4500 |
| 001 | 9.564290 |
| 003 | CaOODSP |
| 005 | 20210624175246 |
| 007 | cr ||||||||||| |
| 008 | 150406|2009||||xxc|||||o f|0| 0 eng|d |
| 020 | |a978-1-100-10256-6 |
| 040 | |aCaOODSP|beng |
| 043 | |an-cn--- |
| 086 | 1 |aHS23-1/4-2008E-PDF |
| 110 | 1 |aCanada. |bHuman Resources and Skills Development Canada. |bLabour Program. |
| 245 | 10|aRight to refuse dangerous work |h[electronic resource] |
| 260 | |aOttawa - Ontario : |bHuman Resources and Skills Development Canada. |cc2009. |
| 300 | |a6p.|bfig. |
| 490 | 1 |aInformation on occupational health and safety |vNo. 4 |
| 500 | |aThe catalogue number (HS23-1/4-2008) and ISBN (978-0-662-05868-7) for the bilingual print edition have been incorrectly copied in this electronic publication. |
| 590 | |a12-24-Supp|b2012-05-30 |
| 690 | 07|aSafety regulations|2gcpds |
| 775 | 08|tDroit de refuser d'exécuter un travail dangereux |w(CaOODSP)9.596066 |
| 776 | 0#|tRight to refuse dangerous work |w(CaOODSP)9.546178 |
| 776 | 0#|tDroit de refuser d'exécuter un travail dangereux |w(CaOODSP)9.546179 |
| 830 | #0|aInformation on occupational health and safety ;|vNo. 4|w(CaOODSP)9.504997 |
| 856 | 40|ahttp://publications.gc.ca|qPDF|s70 KB|uhttps://publications.gc.ca/collections/collection_2012/rhdcc-hrsdc/HS23-1-4-2008-eng.pdf|yNo. 4 |
| 986 | |aLT-095-07-08 |